Kommunistische Länder Quiz - Statistiken

Allgemein
  • Dieses Quiz wurde 13.631 mal gespielt
  • Das Durchschnittsergebnis liegt bei 13 aus 26
Antwortstatistiken
Jahre Land % Korrekt
1949 - heute China
92%
1922 - 1991 Sowjetunion
91%
1948 - 2009 Nordkorea
83%
1949 - 1990 Deutsche Demokratische Republik
76%
1959 - heute Kuba
76%
1945 - 1976 Nordvietnam
73%
1944 - 1989 Polen
73%
1976 - heute Vietnam
72%
1945 - 1991 Jugoslawien
67%
1947 - 1989 Rumänien
60%
1949 - 1989 Ungarn
59%
1946 - 1990 Bulgarien
56%
1948 - 1990 Tschechoslowakei
53%
1924 - 1992 Mongolei
48%
1975 - heute Laos
47%
1979 - 1989 Kambodscha
45%
1946 - 1992 Albanien
44%
1978 - 1992 Afghanistan
35%
1975 - 1992 Angola
28%
1970 - 1991 Republik Kongo
28%
1975 - 1990 Mosambik
19%
1987 - 1991 Äthiopien
18%
1969 - 1991 Somalia
17%
1967 - 1990 Südjemen
13%
1975 - 1990 Benin
8%
1979 - 1983 Grenada
7%
Keine übereinstimmenden Quizze gefunden
Verteilung der Resultate
Anzahl Personen mit jedem Resultat
Perzentil nach korrekt beantworteten Fragen
Ihre Resultats-Entwicklung
Sie haben dieses Quiz noch nicht gespielt